000 00432nam a2200169Ia 4500
008 131103s9999 xx 000 0 und d
040 _aLoreto College
041 _aEnglish
082 _a342.54/IND
_bLCBKB/187
245 4 _aThe Constitution of India
260 _a[s.l.]
_b[s.n.]
_c[19?]
300 _axx,204p
_c 24cm
504 _aInclude index
650 _aIndia - Constitution
850 _aLCBKB/342.54/IND
942 _cBK
999 _c34747
_d85226